Fr. Conceicao Rodrigues College of Engineering

Premachining Planning And Tool Presetting (Record no. 20381)

MARC details
000 -LEADER
fixed length control field 00300nam a2200133Ia 4500
082 ## - DEWEY DECIMAL CLASSIFICATION NUMBER
Classification number 621.9
100 ## - MAIN ENTRY--PERSONAL NAME
Personal name Runck/ R.R. ed.
245 ## - TITLE STATEMENT
Title Premachining Planning And Tool Presetting
260 ## - PUBLICATION, DISTRIBUTION, ETC.
Name of publisher, distributor, etc. Astme
Place of publication, distribution, etc. Michigan
Date of publication, distribution, etc. 1967
300 ## - PHYSICAL DESCRIPTION
Extent 74
546 ## - LANGUAGE NOTE
Language note ENGLISH
654 ## - SUBJECT ADDED ENTRY--FACETED TOPICAL TERMS
Focus term Tool presetting
942 ## - ADDED ENTRY ELEMENTS (KOHA)
Koha item type BOOK
Holdings
Withdrawn status Lost status Damaged status Not for loan Collection Home library Current library Shelving location Date acquired Source of acquisition Cost, normal purchase price Inventory number Total Checkouts Full call number Barcode Date last seen Cost, replacement price Price effective from Koha item type
        AFT Fr. Agnel's C.Rodrigues College of Engineering Fr. Agnel's C.Rodrigues College of Engineering   17/03/2023 BBB 50.00 41   621.9 AFT3643 17/03/2023 50.00 17/03/2023 BOOK